NPBプロ野球 シーズン長打数ランキング - Statistics

General Stats
  • This quiz has been taken 26 times
  • The average score is 41 of 56
Answer Stats
順位 名前 年度 長打 二塁打 三塁打 本塁打 % Correct
10 王貞治 1964 79 24 0 55
100%
21 王貞治 1968 77 28 0 49
100%
31 王貞治 1963 75 30 5 40
100%
38 野村克也 1963 74 20 2 52
100%
2 中村剛也 2009 86 37 1 48
95%
10 ローズ 1999 79 38 1 40
95%
10 ローズ 2002 79 31 2 46
95%
14 松井秀喜 2002 78 27 1 50
95%
14 中村剛也 2011 78 30 0 48
95%
14 村上宗隆 2022 78 21 1 56
95%
21 ラミレス 2003 77 34 3 40
95%
21 ラミレス 2010 77 28 0 49
95%
31 松井秀喜 2000 75 32 1 42
95%
38 ローズ 2001 74 19 0 55
95%
38 中村剛也 2008 74 24 4 46
95%
47 松井秀喜 1996 73 34 1 38
95%
47 ローズ 1999 73 34 2 37
95%
47 ラミレス 2007 73 41 3 29
95%
47 ラミレス 2008 73 28 0 45
95%
21 落合博満 1985 77 24 1 52
91%
21 バレンティン 2013 77 17 0 60
91%
10 山田哲人 2015 79 39 2 38
86%
14 カブレラ 2002 78 23 0 55
86%
31 山田哲人 2019 75 35 5 35
86%
38 カブレラ 2003 74 24 0 50
86%
9 バース 1986 80 31 2 47
82%
14 金本知憲 2005 78 35 3 40
82%
14 佐藤輝明 2025 78 34 4 40
82%
27 ウッズ 2006 76 29 0 47
82%
31 バース 1985 75 21 0 54
82%
38 小笠原道大 2001 74 40 2 32
82%
21 小久保裕紀 2001 77 32 1 44
77%
27 小久保裕紀 1997 76 37 3 36
77%
7 松中信彦 2004 82 37 1 44
73%
38 松中信彦 2005 74 26 2 46
73%
3 小鶴誠 1950 85 28 6 51
68%
5 福留孝介 2006 83 47 5 31
64%
31 福留孝介 2003 75 30 11 34
64%
38 新井貴浩 2005 74 30 1 43
64%
47 福留孝介 2005 73 39 6 28
64%
47 村田修一 2008 73 25 2 46
59%
1 松井稼頭央 2002 88 46 6 36
55%
4 藤村富美男 1949 84 35 3 46
55%
5 藤村富美男 1950 83 41 3 39
55%
38 松井稼頭央 2000 74 40 11 23
55%
47 松井稼頭央 2003 73 36 4 33
55%
31 山本浩二 1980 75 28 3 44
50%
47 阿部慎之助 2010 73 27 2 44
50%
27 筒香嘉智 2016 76 28 4 44
45%
31 城島健司 2003 75 39 2 34
36%
27 山内一弘 1956 76 47 4 25
32%
47 大杉勝男 1970 73 27 2 44
32%
47 別当薫 1949 73 28 6 39
23%
14 リグス 2006 78 39 0 39
9%
8 クラーク 1998 81 48 2 31
0%
38 藤井勇 1950 74 36 4 34
0%
No matching quizzes found
Score Distribution
Percent of People with Each Score
Percentile by Number Answered
Your Score History
You have not taken this quiz